000 00670nam a22002297a 4500
005 20170124110050.0
010 _a037302
020 _c00.00
035 _a037302
037 _bCen Lib/Ret
040 _aDPL
_bEN
082 _a636.9
_bWIL
100 _aWilliams, J. H.
_925233
245 _aBandoola /
_cby J. H. Williams; illustrated by Henry C. Pitz
260 _aLondon
_bRupert Hart-Davis
_c1953
270 _bLondon
_aSoho Square
300 _a250p.
_c21cm(Hb)
650 _aBandoola -- (Elephant)
_925234
650 _aAsiatic elephant -- Burma -- Biography
_925235
700 _a Pitz, Henry C.
_925205
942 _2ddc
_cEN
_h636.9
_mWIL
999 _c129042
_d129042